Guess The American Brands! #1 - Statistics

General Stats
  • This quiz has been taken 94 times
  • The average score is 18 of 20
Answer Stats
Picture Answer % Correct
Amazon
100%
Apple
100%
Facebook
100%
Google
100%
Nike
99%
Starbucks
99%
Twitter
99%
Coca Cola
98%
Mcdonalds
98%
Ebay
96%
Lays
96%
Burger King
94%
Pringles
94%
Skype
93%
Microsoft
89%
Android
87%
Hersheys
72%
Electronic Arts
51%
Campbells
49%
Kinder
45%
No matching quizzes found
Score Distribution
Percent of People with Each Score
Percentile by Number Answered
Your Score History
You have not taken this quiz